Working with local businesses and residents (Record no. 106872)

MARC details
000 -LEADER
fixed length control field 00960cam a22002175a 4500
001 - CONTROL NUMBER
control field L137691
008 - FIXED-LENGTH DATA ELEMENTS--GENERAL INFORMATION
fixed length control field 070424s2007 xxko f 000 0 eng d
020 ## - INTERNATIONAL STANDARD BOOK NUMBER
International Standard Book Number 9781860819506
035 ## - SYSTEM CONTROL NUMBER
System control number (Sirsi) u137691
041 0# - LANGUAGE CODE
Language code of text/sound track or separate title eng
050 04 - LIBRARY OF CONGRESS CALL NUMBER
Classification number 614.83 $2 18
100 1# - MAIN ENTRY--PERSONAL NAME
Personal name Hadi, Mindy
245 00 - TITLE STATEMENT
Title Working with local businesses and residents
260 ## - PUBLICATION, DISTRIBUTION, ETC.
Place of publication, distribution, etc. Watford
Name of publisher, distributor, etc. BRE
Date of publication, distribution, etc. 2007
300 ## - PHYSICAL DESCRIPTION
Extent 8p.
Other physical details ill.
Dimensions 30cm.
490 #0 - SERIES STATEMENT
Series statement BRE Good Building Guide
Volume/sequential designation 71
520 ## - SUMMARY, ETC.
Summary, etc. States that the impact of large construction projects on the lives of local residents and businesses may be mitigated by planning, communication and consideration from construction companies. Sets out a communications strategy to keep the local community informed, outlines how to deal with complaints and lists a range of good practice measures covering areas such as noise, dust and traffic management.
651 #4 - SUBJECT ADDED ENTRY--GEOGRAPHIC NAME
Geographic name United Kingdom
Chronological subdivision
690 ## - LOCAL SUBJECT ADDED ENTRY--TOPICAL TERM (OCLC, RLIN)
Topical term or geographic name as entry element Planning and development
9 (RLIN) 6259
942 ## - ADDED ENTRY ELEMENTS (KOHA)
Suppress in OPAC 0
Holdings
Withdrawn status Lost status Source of classification or shelving scheme Damaged status Not for loan Home library Current library Shelving location Date acquired Total Checkouts Full call number Barcode Date last seen Copy number Price effective from Koha item type
    Dewey Decimal Classification     London London Boxed set 06/09/2007   BRE 30073794 06/08/2019 1 06/08/2019 Book